000 00725cam a22002293a 4500
001 14065
003 PGUSA
005 20140828083312.0
008 041116s2004||||xxu|||||s|||||000 | eng d
040 _aPGUSA
_beng
042 _adc
050 4 _aPR
100 1 _aDefoe, Daniel,
_d-1731
245 1 4 _aThe History of the Remarkable Life of John Sheppard :
_bContaining a Particular Account of His Many Robberies and Escapes
_h[electronic resource] /
_cDaniel Defoe
260 _bProject Gutenberg,
_c2004
506 _aPublic domain in the USA.
516 _aElectronic text
653 _aSheppard, Jack, 1702-1724
830 0 _aProject Gutenberg
_v14065
856 4 0 _uhttp://www.gutenberg.org/ebooks/14065
942 _cEB
999 _c243320
_d243320